Premier League: 200+ Matches (2000-) - Statistics

General Stats
  • This quiz has been taken 29 times
  • The average score is 186 of 336
Answer Stats
Ranking Player Positions Nationality Matches Goals (assists) Periods Clubs % Correct
69 Antonio Valencia DF, MF 325 24 (47) 2006-2019
96%
35 Ashley Cole DF 384 15 (31) 2000-2014
96%
118 Carlton Cole FW 289 52 (23) 2001-2010, 2012-2015
96%
21 David de Gea GK 415 0 (0) 2011-2023
96%
4 Frank Lampard MF 491 160 (94) 2000-2015
96%
49 Hugo Lloris GK 361 0 (0) 2012-2023
96%
1 James Milner DF, MF 638 55 (89) 2002-2025
96%
55 Joe Cole MF 348 45 (35) 2000-2010, 2012-2015
96%
6 John Terry DF 486 41 (12) 2000-2017
96%
198 Michael Keane DF 253 16 (10) 2014-2015, 2016-2025
96%
103 Mohamed Salah MF, FW 301 186 (87) 2013-2014, 2017-2025
96%
80 Robbie Keane FW 318 114 (33) 2000-2012
96%
53 Cesc Fàbregas MF, FW 350 50 (111) 2004-2010, 2014-2019
91%
87 Christian Eriksen MF, FW 310 55 (78) 2013-2019, 2021-2025
91%
31 Gary Cahill DF 394 28 (12) 2005-2021
91%
78 Harry Kane FW 320 213 (44) 2012-2023
91%
59 Jamie Vardy FW 342 145 (47) 2014-2022, 2024-2025
91%
72 Jordan Pickford GK 324 0 (2) 2015-2025
91%
40 Łukasz Fabiański GK 376 0 (1) 2007-2010, 2012-2025
91%
13 Petr Čech GK 443 0 (2) 2004-2019
91%
229 Stephen Carr DF 241 5 (8) 2000-2001, 2002-2007, 2009-2011
91%
11 Steven Gerrard MF 463 119 (89) 2000-2015
91%
266 Tim Cahill MF, FW 226 56 (22) 2004-2012
91%
5 Wayne Rooney MF, FW 491 208 (102) 2002-2018
91%
68 Willian MF, FW 327 47 (45) 2013-2020, 2022-2025
91%
91 Andrew Robertson DF, MF 308 11 (60) 2014-2015, 2016-2025
87%
285 Anton Ferdinand DF 218 4 (6) 2005-2013
87%
171 Bernardo Silva MF, FW 266 43 (46) 2017-2025
87%
89 David Silva MF, FW 309 60 (93) 2010-2020
87%
196 Didier Drogba FW 254 104 (55) 2004-2011, 2014-2015
87%
84 Edwin van der Sar GK 313 0 (1) 2001-2011
87%
276 Jason Roberts FW 221 36 (21) 2002-2003, 2005-2013
87%
61 Joe Hart GK 340 0 (1) 2006-2015, 2017-2019
87%
34 Jonny Evans DF 386 14 (14) 2007-2025
87%
125 Kasper Schmeichel GK 284 0 (0) 2007-2008, 2014-2022
87%
122 Kevin De Bruyne MF, FW 288 72 (118) 2013-2014, 2015-2025
87%
51 Kolo Touré DF 353 12 (10) 2002-2016
87%
62 Paul Scholes MF 339 66 (35) 2000-2013
87%
30 Raheem Sterling MF, FW 396 123 (66) 2011-2025
87%
33 Rio Ferdinand DF 389 9 (7) 2000-2015
87%
36 Ryan Giggs MF, FW 382 55 (101) 2000-2014
87%
181 Sadio Mané MF, FW 263 111 (38) 2014-2022
87%
28 Tim Howard GK 399 1 (3) 2003-2016
87%
104 Virgil van Dijk DF 301 25 (8) 2015-2025
87%
255 Yaya Touré MF 230 59 (33) 2010-2018
87%
54 César Azpilicueta DF, MF 349 10 (35) 2012-2023
83%
257 Dimitar Berbatov FW 229 94 (40) 2006-2014
83%
213 Eden Hazard MF, FW 245 85 (54) 2012-2019
83%
259 Gary Neville DF 229 3 (18) 2000-2006, 2008-2011
83%
166 Harry Maguire DF 268 14 (9) 2014-2015, 2016-2025
83%
76 John Arne Riise DF, MF 321 21 (30) 2001-2007, 2011-2014
83%
206 John Stones DF, MF 248 11 (2) 2013-2025
83%
144 Juan Mata MF, FW 278 52 (54) 2011-2022
83%
24 Kyle Walker DF, MF 410 8 (36) 2009-2025
83%
189 Luke Shaw DF, MF 258 3 (17) 2012-2025
83%
106 Nicolas Anelka FW 299 102 (36) 2001-2004, 2006-2011, 2013-2014
83%
10 Peter Crouch FW 468 106 (58) 2001-2019
83%
43 Phil Neville DF, MF 374 8 (17) 2000-2013
83%
46 Séamus Coleman DF, MF 369 22 (24) 2009-2025
83%
265 Thierry Henry FW 227 158 (66) 2000-2006, 2011-2012
83%
182 Aaron Ramsey MF 262 40 (45) 2008-2019
78%
174 Adam Johnson MF 265 32 (30) 2005-2016
78%
7 Ashley Young DF, FW 485 50 (74) 2006-2019, 2021-2025
78%
48 Danny Welbeck MF, FW 363 77 (32) 2008-2025
78%
152 Ederson GK 276 0 (7) 2017-2025
78%
50 Glen Johnson DF 358 15 (28) 2002-2018
78%
20 Jamie Carragher DF, MF 416 1 (12) 2000-2013
78%
3 Jermain Defoe FW 496 163 (33) 2000-2019
78%
16 Jordan Henderson MF 431 33 (54) 2008-2023
78%
58 Luke Young DF 343 9 (8) 2000-2012
78%
108 Marcus Rashford MF, FW 297 89 (42) 2015-2025
78%
8 Michael Carrick MF 473 22 (38) 2000-2002, 2004-2018
78%
253 Michael Owen FW 231 102 (13) 2000-2003, 2005-2013
78%
303 Nemanja Vidić DF 211 15 (3) 2005-2014
78%
127 Riyad Mahrez MF, FW 284 82 (62) 2014-2023
78%
136 Robin van Persie FW 280 144 (53) 2004-2015
78%
147 Romelu Lukaku FW 278 121 (35) 2011-2018, 2021-2022
78%
154 Sergio Agüero FW 275 184 (48) 2011-2021
78%
177 Vincent Kompany DF 265 18 (7) 2008-2019
78%
93 Adam Lallana MF, FW 305 33 (33) 2012-2025
74%
243 Adam Smith DF, MF 234 5 (13) 2011-2012, 2015-2019, 2022-2025
74%
237 Alan Smith MF, FW 237 34 (25) 2000-2008, 2010-2012
74%
115 Alex Iwobi MF, FW 291 31 (36) 2015-2025
74%
304 Anthony Martial MF, FW 209 63 (27) 2015-2024
74%
155 Branislav Ivanović DF 274 22 (20) 2008-2016, 2020-2021
74%
180 Chris Wood FW 263 89 (11) 2008-2009, 2010-2011, 2014-2015, 2017-2025
74%
151 Darren Bent FW 276 106 (15) 2001-2002, 2005-2015
74%
66 David James GK 329 0 (0) 2000-2010
74%
149 Declan Rice MF 277 21 (24) 2016-2025
74%
298 Fernando Torres FW 212 85 (29) 2007-2014
74%
79 Gylfi Sigurðsson MF, FW 318 67 (50) 2011-2021
74%
203 John Obi Mikel MF 249 1 (10) 2006-2016
74%
167 Michail Antonio MF, FW 268 68 (33) 2015-2025
74%
195 Olivier Giroud FW 255 90 (29) 2012-2021
74%
109 Pepe Reina GK 297 0 (4) 2005-2012, 2019-2020
74%
317 Phil Jones DF, MF 204 2 (6) 2009-2019, 2021-2022
74%
75 Robert Huth DF 322 21 (6) 2001-2017
74%
193 Roberto Firmino MF, FW 256 82 (50) 2015-2023
74%
65 Son Heung-min MF, FW 333 127 (71) 2015-2025
74%
29 Theo Walcott MF, FW 397 80 (56) 2006-2023
74%
23 Aaron Hughes DF 410 3 (11) 2000-2014
70%
169 Bacary Sagna DF 267 4 (19) 2007-2017
70%
32 Ben Foster GK 390 0 (1) 2006-2019, 2021-2022
70%
294 Bernd Leno GK 213 0 (1) 2018-2025
70%
232 Callum Wilson FW 239 88 (23) 2015-2025
70%
133 Christian Benteke FW 280 86 (22) 2012-2022
70%
258 Gabriel Jesus FW 229 76 (40) 2016-2025
70%
2 Gareth Barry MF 589 50 (61) 2000-2018
70%
194 Laurent Koscielny DF 255 22 (2) 2010-2019
70%
22 Mark Noble MF 414 47 (35) 2005-2010, 2012-2022
70%
264 N'Golo Kanté MF 227 12 (17) 2015-2023
70%
101 Pablo Zabaleta DF, MF 303 9 (21) 2008-2020
70%
165 Sol Campbell DF, FW 269 12 (6) 2000-2011
70%
187 Trent Alexander-Arnold DF 259 18 (64) 2016-2025
70%
96 Wilfried Zaha MF, FW 305 68 (28) 2013-2023
70%
207 Adama Traoré DF, MF, FW 247 14 (25) 2015-2016, 2018-2025
65%
256 Alisson GK 229 1 (3) 2018-2025
65%
116 Andros Townsend MF, FW 291 26 (31) 2012-2021, 2023-2024
65%
204 Andy Carroll FW 248 54 (22) 2006-2008, 2010-2021
65%
323 Carlos Tevez MF, FW 202 84 (36) 2006-2013
65%
287 Daniel Sturridge MF, FW 218 76 (21) 2006-2019
65%
230 Danny Ings FW 240 72 (23) 2014-2015, 2017-2025
65%
324 Danny Rose DF, MF 202 9 (18) 2009-2019, 2021-2022
65%
60 Darren Fletcher MF 341 23 (27) 2003-2018
65%
296 David Luiz DF, MF 213 14 (7) 2010-2013, 2016-2021
65%
222 Emmanuel Adebayor FW 242 97 (36) 2005-2016
65%
178 Fernandinho DF, MF 264 20 (19) 2013-2022
65%
74 Gabriel Agbonlahor MF, FW 322 74 (34) 2005-2016
65%
269 Granit Xhaka DF, MF 225 17 (24) 2016-2023
65%
271 James Maddison MF, FW 222 56 (48) 2018-2025
65%
90 Joel Ward DF, MF 309 5 (7) 2009-2010, 2013-2025
65%
94 Jordan Ayew MF, FW 305 42 (24) 2015-2025
65%
18 Leighton Baines DF 420 32 (53) 2005-2020
65%
173 Lewis Dunk DF 266 16 (6) 2017-2025
65%
185 Marouane Fellaini MF 260 37 (16) 2008-2019
65%
223 Martin Škrtel DF 242 16 (5) 2007-2016
65%
126 Mikel Arteta MF 284 42 (42) 2004-2016
65%
219 Mousa Dembélé MF 243 12 (12) 2010-2019
65%
201 Nemanja Matić MF 251 6 (23) 2009-2010, 2013-2022
65%
277 Nick Pope GK 221 0 (0) 2017-2018, 2019-2025
65%
146 Patrice Evra DF 278 7 (21) 2005-2013, 2017-2018
65%
279 Samir Nasri MF, FW 220 36 (39) 2008-2016, 2018-2019
65%
83 Ben Davies DF, MF 313 10 (19) 2012-2025
61%
17 Brad Friedel GK 425 1 (0) 2001-2014
61%
308 Charlie Adam MF 207 34 (25) 2010-2018
61%
239 Cristiano Ronaldo MF, FW 236 103 (37) 2003-2008, 2021-2023
61%
63 Damien Duff MF, FW 337 49 (51) 2001-2014
61%
156 Eric Dier DF, MF 274 12 (10) 2014-2024
61%
275 İlkay Gündoğan MF 221 45 (22) 2016-2022, 2024-2025
61%
100 James Tarkowski DF 303 10 (8) 2016-2025
61%
26 James Ward-Prowse DF, MF 404 57 (47) 2012-2025
61%
333 Jarrod Bowen MF, FW 200 56 (38) 2016-2017, 2019-2025
61%
12 John O'Shea DF, MF 445 13 (13) 2001-2017
61%
315 Joshua King MF, FW 204 53 (17) 2015-2022
61%
42 Kevin Davies FW 375 72 (48) 2000-2012
61%
179 Ledley King DF, MF 264 10 (8) 2000-2012
61%
211 Lucas Leiva MF 247 1 (13) 2007-2017
61%
111 Moussa Sissoko MF, FW 295 16 (25) 2012-2022
61%
105 Simon Davies MF 300 27 (35) 2000-2012
61%
77 William Gallas DF 321 25 (3) 2001-2013
61%
241 Alex Oxlade-Chamberlain MF, FW 235 20 (24) 2011-2023
57%
309 Dan Burn DF 207 6 (4) 2013-2014, 2019-2025
57%
39 Danny Murphy MF 377 48 (52) 2000-2012
57%
306 Dirk Kuyt DF, MF, FW 208 51 (27) 2006-2012
57%
37 Emile Heskey FW 380 74 (35) 2000-2012
57%
70 Gaël Clichy DF 325 3 (18) 2003-2017
57%
289 Georginio Wijnaldum MF 217 27 (15) 2015-2021
57%
188 Jay Rodriguez MF, FW 258 46 (17) 2012-2013, 2015-2017, 2019-2021, 2023-2024
57%
320 John McGinn MF, FW 203 17 (23) 2019-2025
57%
143 Jonjo Shelvey MF 278 23 (27) 2010-2015, 2017-2023
57%
27 Kevin Nolan MF 401 69 (26) 2001-2008, 2010-2011, 2012-2016
57%
316 Kieran Trippier DF, MF 204 6 (38) 2014-2018, 2021-2025
57%
210 Kurt Zouma DF 247 15 (3) 2014-2024
57%
145 Louis Saha FW 278 84 (19) 2001-2013
57%
168 Nathaniel Clyne DF 268 4 (12) 2012-2018, 2020-2025
57%
41 Phil Jagielka DF, MF 376 18 (9) 2006-2021
57%
221 Richarlison MF, FW 243 64 (24) 2017-2025
57%
137 Sami Hyypiä DF 280 20 (6) 2000-2009
57%
57 Shane Long FW 344 56 (24) 2006-2007, 2011-2022
57%
38 Shay Given GK 380 0 (0) 2000-2009, 2011-2012, 2014-2017
57%
215 Simon Mignolet GK 245 0 (0) 2010-2018
57%
25 Stewart Downing MF, FW 408 37 (59) 2001-2014, 2016-2017
57%
336 Toby Alderweireld DF 200 9 (4) 2014-2021
57%
114 Wes Brown DF 292 4 (9) 2000-2011, 2013-2016
57%
284 Youri Tielemans MF, FW 219 26 (33) 2018-2025
57%
19 Aaron Lennon MF, FW 416 36 (50) 2003-2004, 2005-2019, 2021-2022
52%
305 Aaron Wan-Bissaka DF 208 4 (18) 2017-2025
52%
227 Ashley Williams DF 241 6 (5) 2011-2018
52%
192 Asmir Begović GK 256 1 (0) 2008-2018, 2021-2023
52%
286 Clint Dempsey MF, FW 218 57 (19) 2006-2014
52%
99 Craig Dawson DF 303 21 (5) 2011-2017, 2019-2025
52%
233 Dominic Calvert-Lewin FW 239 57 (15) 2016-2025
52%
248 Jan Vertonghen DF 232 6 (4) 2012-2020
52%
321 Mateo Kovačić MF 203 11 (15) 2018-2025
52%
124 Michael Dawson DF 286 11 (5) 2004-2014, 2016-2017
52%
45 Paul Robinson GK 370 1 (5) 2000-2001, 2002-2011, 2016-2017
52%
197 Pierre Højbjerg MF 254 12 (15) 2016-2024
52%
128 Ross Barkley MF, FW 284 37 (33) 2011-2021, 2023-2025
52%
81 Ryan Shawcross DF 317 14 (9) 2008-2018
52%
131 Sebastian Larsson MF 282 26 (26) 2005-2006, 2007-2008, 2009-2017
52%
273 Tim Krul GK 222 0 (1) 2010-2015, 2019-2020, 2021-2022
52%
280 Victor Moses DF, MF, FW 220 20 (18) 2009-2019
52%
85 Aaron Cresswell DF, MF 312 10 (26) 2014-2025
48%
330 Ashley Barnes MF, FW 200 42 (6) 2014-2015, 2016-2022
48%
270 Ayoze Pérez MF, FW 223 45 (18) 2014-2015, 2017-2023
48%
148 Ben Mee DF 277 14 (5) 2014-2015, 2016-2025
48%
282 Chris Smalling DF 219 12 (1) 2008-2019
48%
288 Dietmar Hamann MF 217 7 (19) 2000-2009
48%
332 Harvey Barnes MF, FW 200 49 (32) 2017-2025
48%
134 Jeffrey Schlupp DF, MF, FW 280 22 (14) 2014-2025
48%
135 Jermaine Jenas MF 280 32 (26) 2001-2013
48%
14 Jussi Jääskeläinen GK 436 0 (3) 2001-2015
48%
307 Leandro Trossard MF, FW 208 46 (31) 2019-2025
48%
88 Marc Albrighton DF, MF, FW 310 20 (44) 2009-2023
48%
15 Mark Schwarzer GK 436 0 (1) 2000-2015
48%
242 Nathan Aké DF, MF 235 18 (7) 2012-2025
48%
170 Robert Green GK 267 0 (0) 2004-2005, 2006-2010, 2012-2013, 2014-2015
48%
47 Scott Parker MF 364 24 (20) 2000-2014
48%
326 Sean Davis MF 202 11 (15) 2001-2010
48%
82 Shaun Wright-Phillips MF, FW 316 32 (35) 2000-2001, 2002-2012, 2014-2015
48%
92 Steven Davis MF 306 17 (20) 2004-2007, 2012-2019
48%
293 Steven Pienaar MF 214 21 (32) 2007-2017
48%
141 Abdoulaye Doucouré MF, FW 278 36 (23) 2016-2025
43%
112 Craig Bellamy FW 294 81 (31) 2000-2009, 2011-2012, 2013-2014
43%
238 David Dunn MF 237 36 (21) 2001-2012
43%
260 Idrissa Gana Gueye MF 229 7 (9) 2015-2018, 2022-2025
43%
272 Lucas Digne DF, MF 222 6 (29) 2018-2025
43%
334 Morgan Schneiderlin MF 200 13 (3) 2012-2020
43%
254 Nwankwo Kanu FW 230 36 (23) 2000-2010
43%
235 Oriol Romeu MF 239 7 (3) 2011-2012, 2015-2023
43%
262 Pascal Groß DF, MF, FW 228 30 (45) 2017-2024
43%
212 Stephen Ireland MF 246 19 (28) 2005-2015, 2017-2018
43%
9 Sylvain Distin DF 469 7 (6) 2001-2016
43%
209 Gary Speed MF 247 29 (21) 2000-2008
39%
98 Jack Cork DF, MF 304 9 (9) 2009-2010, 2012-2021, 2023-2024
39%
159 James McCarthy MF 272 13 (12) 2009-2021
39%
121 Joleon Lescott DF 288 23 (9) 2006-2017
39%
263 Kevin Phillips FW 227 63 (20) 2000-2005, 2009-2010, 2013-2014
39%
246 Nicky Butt DF, MF 233 13 (9) 2000-2009
39%
225 Tom Cleverley MF 242 15 (15) 2010-2019, 2021-2022
39%
281 Wilfred Ndidi DF, MF 220 7 (14) 2016-2022, 2024-2025
39%
327 Angelo Ogbonna DF 201 8 (1) 2015-2024
35%
331 Demarai Gray MF, FW 200 19 (14) 2015-2023
35%
267 Dwight McNeil MF, FW 225 21 (32) 2018-2025
35%
138 James Collins DF 279 11 (1) 2005-2018
35%
119 James Tomkins DF, MF 289 14 (7) 2007-2010, 2012-2024
35%
283 Jimmy Floyd Hasselbaink FW 219 93 (39) 2000-2007
35%
160 Lee Bowyer MF 272 36 (24) 2000-2011
35%
52 Leon Osman MF 352 44 (27) 2002-2016
35%
217 Mikaël Silvestre DF 244 9 (19) 2000-2010
35%
186 Morten Gamst Pedersen MF, FW 260 34 (39) 2004-2012
35%
44 Richard Dunne DF 374 11 (5) 2000-2001, 2002-2011, 2014-2015
35%
226 Tom Huddlestone MF 242 12 (24) 2005-2014, 2016-2017
35%
158 Wayne Bridge DF 274 2 (19) 2000-2012
35%
236 Brede Hangeland DF 238 10 (3) 2007-2016
30%
117 Cheikhou Kouyaté DF, MF 291 15 (11) 2014-2024
30%
301 Eiður Guðjohnsen MF, FW 211 55 (28) 2000-2005, 2009-2011
30%
218 El Hadji Diouf MF, FW 243 28 (25) 2002-2011
30%
268 Erik Pieters DF, MF 225 1 (13) 2013-2017, 2019-2022
30%
313 Fabian Delph DF, MF 204 7 (8) 2009-2022
30%
97 George Boateng MF 304 10 (12) 2000-2010
30%
73 James McArthur MF 323 23 (23) 2010-2012, 2014-2023
30%
71 Matthew Taylor DF, MF 325 40 (24) 2003-2010, 2012-2015
30%
322 Micah Richards DF 203 8 (10) 2005-2013, 2015-2016
30%
153 Nathan Redmond MF, FW 276 28 (26) 2013-2014, 2015-2024
30%
220 Nolberto Solano MF 243 40 (42) 2000-2008
30%
249 Olof Mellberg DF, MF 232 8 (4) 2001-2008
30%
297 Patrick van Aanholt DF 213 20 (15) 2009-2010, 2011-2012, 2014-2021
30%
56 Paul Konchesky DF, FW 345 9 (22) 2000-2010, 2014-2015
30%
120 Rory Delap MF 289 15 (14) 2000-2005, 2008-2013
30%
228 Scott Dann DF 241 16 (11) 2009-2011, 2013-2021
30%
110 Wayne Routledge MF, FW 297 16 (29) 2004-2008, 2010-2018
30%
200 Yakubu Aiyegbeni FW 252 96 (26) 2003-2012
30%
123 Ashley Westwood MF 286 12 (31) 2012-2022
26%
163 Chris Brunt DF, MF 269 25 (48) 2008-2009, 2010-2018
26%
302 Fabricio Coloccini DF, MF 211 4 (1) 2008-2009, 2010-2016
26%
150 Glenn Whelan MF 277 4 (12) 2008-2017
26%
157 James Beattie FW 274 86 (30) 2000-2006, 2008-2011
26%
86 James Morrison MF, FW 311 32 (33) 2003-2006, 2008-2009, 2010-2018
26%
164 Joey Barton MF 269 26 (34) 2002-2008, 2010-2011, 2014-2015, 2016-2017
26%
329 Jonas Olsson DF 201 8 (6) 2008-2009, 2010-2017
26%
175 Kieran Richardson DF, MF 265 24 (17) 2002-2003, 2004-2016
26%
140 Mario Melchiot DF 279 6 (10) 2000-2005, 2007-2010
26%
231 Mark Viduka FW 240 92 (28) 2000-2009
26%
107 Shola Ameobi FW 298 43 (20) 2000-2008, 2010-2015
26%
64 Steed Malbranque MF 336 39 (55) 2001-2011
26%
240 Steve Finnan DF 236 1 (14) 2001-2007, 2009-2010
26%
67 Thomas Sørensen GK 327 0 (0) 2000-2006, 2008-2011, 2013-2014
26%
199 Bobby Zamora FW 252 47 (34) 2003-2004, 2005-2012, 2014-2015
22%
290 Ciaran Clark DF, MF 214 15 (6) 2009-2015, 2017-2022
22%
184 Craig Gardner MF 260 31 (14) 2005-2017
22%
295 Danny Simpson DF 213 0 (1) 2007-2008, 2010-2012, 2014-2019
22%
205 Darius Vassell MF, FW 248 52 (19) 2000-2009
22%
142 Hermann Hreiðarsson DF 278 11 (15) 2000-2001, 2003-2010
22%
251 Jlloyd Samuel DF, MF 231 2 (11) 2000-2010
22%
261 Joseph Yobo DF 228 8 (2) 2002-2009, 2013-2014
22%
95 Kevin Kilbane DF, MF 305 14 (17) 2000-2010
22%
162 Matt Upson DF 271 9 (4) 2000-2012, 2014-2015
22%
102 Phil Bardsley DF 303 7 (5) 2005-2021
22%
202 Ricardo Gardner DF, MF 251 10 (11) 2001-2012
22%
224 Robbie Savage MF 242 16 (18) 2000-2008
22%
183 Ryan Bertrand DF, MF 262 7 (15) 2010-2022
22%
299 Stephen Warnock DF 212 8 (16) 2004-2012
22%
335 Steve Sidwell MF 200 21 (14) 2006-2016
22%
176 Tony Hibbert DF 265 0 (8) 2000-2016
22%
216 Andy O'Brien DF 244 7 (2) 2000-2011
17%
208 Brett Emerton DF, MF 247 13 (30) 2003-2012
17%
132 Charles N'Zogbia DF, FW 281 28 (36) 2004-2012, 2014-2016
17%
319 Gareth McAuley DF 203 15 (3) 2011-2018
17%
291 Gary O'Neil MF 214 16 (16) 2003-2008, 2010-2011, 2012-2013, 2015-2016
17%
172 Gavin McCann MF 266 8 (8) 2000-2010
17%
314 Jason Puncheon MF 204 24 (17) 2010-2019
17%
250 Jermaine Pennant MF 231 14 (40) 2002-2008, 2010-2014
17%
245 Jonathan Walters MF, FW 233 43 (19) 2002-2003, 2010-2018
17%
161 Lee Cattermole MF 271 6 (8) 2005-2017
17%
190 Liam Ridgewell DF 257 17 (7) 2003-2007, 2009-2014
17%
139 Lucas Neill DF 279 6 (15) 2001-2010
17%
191 Luís Boa Morte MF, FW 257 28 (34) 2001-2011
17%
130 Matthew Etherington MF 283 21 (35) 2000-2002, 2005-2014
17%
311 Matthew Jarvis MF 205 20 (17) 2009-2016
17%
292 Maynor Figueroa DF 214 4 (6) 2007-2015
17%
113 Titus Bramble DF 292 10 (3) 2000-2013
17%
247 Tugay Kerimoğlu MF 233 11 (14) 2001-2009
17%
129 Zat Knight DF 284 7 (2) 2001-2012
17%
300 Cameron Jerome FW 211 33 (17) 2007-2008, 2009-2013, 2015-2016
13%
310 Danny Higginbotham DF 206 9 (5) 2000-2004, 2007-2012
13%
244 Dean Whitehead DF, MF 234 7 (11) 2005-2006, 2007-2012, 2017-2018
13%
274 Emmerson Boyce DF 221 11 (4) 2004-2005, 2006-2013
13%
328 Franck Queudrue DF 201 12 (19) 2001-2007, 2009-2010
13%
214 Jonathan Greening MF 245 9 (22) 2000-2005, 2008-2011
13%
325 Matt Holland MF 202 17 (12) 2000-2001, 2003-2007
13%
312 Nigel Reo-Coker MF 205 10 (8) 2005-2012
13%
278 Paul Scharner DF, MF 221 21 (12) 2005-2013
13%
318 Victor Anichebe FW 204 27 (13) 2005-2017
13%
252 Matthew Lowton DF 231 4 (15) 2012-2014, 2016-2022
9%
234 Mohamed Diamé MF 239 18 (5) 2009-2014, 2017-2019
9%
No matching quizzes found
Score Distribution
Percent of People with Each Score
Percentile by Number Answered
Your Score History
You have not taken this quiz